000 00571nam a22002057a 4500
005 20170301143357.0
010 _aENG-117366
020 _a9788120346550
_c450.00
035 _aEN-100898
037 _bDBAD/PUB
082 _a550
100 _aPatwardhan,,A.M.
245 _aThe dynamic earth system /
_cby A.M. Patwardhan
250 _a3rd ed
260 _aDelhi
_bPHI Learning
_c2012
270 _aM-97,Connaught Circus
_bNew Delhi
_e110001
300 _aviii,522p.:
_c23cm(pbk)
_bill.
500 _aIncludes index
942 _2ddc
_cEN
_mPAT
_h550
999 _c137905
_d137905